KOHA-Header-6

تخلیقی آواز (Record no. 13687)

000 -LEADER
fixed length control field 00339nam a22001217a 4500
082 ## - DEWEY DECIMAL CLASSIFICATION NUMBER
Classification number 891.4391
Item number ج ا ز
100 ## - MAIN ENTRY--AUTHOR NAME
Personal name جازب قریشی
245 ## - TITLE STATEMENT
Title تخلیقی آواز
260 ## - PUBLICATION, DISTRIBUTION, ETC. (IMPRINT)
Place of publication کراچی
Name of publisher مکتبہ کامران
300 ## - PHYSICAL DESCRIPTION
Number of Pages ١٠٢٤ صفحات
650 ## - SUBJECT ADDED ENTRY--TOPICAL TERM
Topical Term Urdu Literature
-- Jazib Qureshi
-- Takhleeqi Awaz
942 ## - ADDED ENTRY ELEMENTS (KOHA)
Koha item type Books
Holdings
Withdrawn status Lost status Collection code Permanent Location Current Location Shelving location Date acquired Full call number Accession Number Koha item type
    Urdu Literature MAJU MAJU Shelf No.A12 2023-01-19 891.4391 ج ا ز 10785 Books

Powered by Koha